000 00934nam a2200277 i 4500
003 DO-SdBNP
005 20251007121617.0
007 ta
008 251006b2006 dr ||||| |||| 00| 0 spa d
040 _aDO-SdBNP
_bspa
_cBNPHU
_erda
041 _aspa
082 4 _axxx
_bB142c
_222
100 1 _aBáez Guerrero, José,
_d1958-
_eautor
_4aut.
_917125
245 1 3 _aLa corrupción /
_cJosé Báez Guerrero.
250 _aPrimera edición
264 _aSanto Domingo, República Dominicana :
_bEditora Montalvo,
_c2006.
300 _a21 páginas ;
_c21 cm.
336 _atexto
_btxt
_2rdacontent
337 _asin mediación
_bn
_2rdamedia
338 _avolumen
_bnc
_2rdacarrier
500 _aIncluye datos biográficos del autor en la contracubierta
505 _aExplicación, 9 -- La corrupción, 11 -- Carta de rotarios, 19 -- Sobre el autor, 21
590 _aInventariado, 2025 / LP
910 _aLPérez
942 _2ddc
_cLF2
999 _c59920
_d59920